Los jóvenes y las competencias. Trabajar con la educación. Resumen.
Furkejuvvon:
| Searvvušdahkki: | |
|---|---|
| Materiálatiipa: | Girji |
| Giella: | espánnjágiella |
| Ráidu: | (Educación para todos)
|
| Fáttát: | |
| Liŋkkat: | Ver documento en línea |
| Fáddágilkorat: |
Eai fáddágilkorat, Lasit vuosttaš fáddágilkora!
|
MARC
| LEADER | 00000nam^a2200000^u^4500 | ||
|---|---|---|---|
| 001 | 000525139 | ||
| 005 | 20260413000000.0 | ||
| 008 | 130208s10001000^^^^cr^^r^^^^^000^0^spa^d | ||
| 009 | 20260413194824.65 | ||
| 035 | |a FCE 000069384 | ||
| 037 | |a Acervo ITESO - Biblioteca | ||
| 041 | |a spa | ||
| 095 | |a 543 | ||
| 110 | |a Organización de las Naciones Unidas para la Educación, la Ciencia y la Cultura (UNESCO) | ||
| 245 | 1 | 0 | |a Los jóvenes y las competencias. |b Trabajar con la educación. Resumen. |
| 246 | 2 | |a También se conoce como Informe de Seguimiento de la EPT en el mundo 2012. | |
| 264 | |a Paris: |b UNESCO, |c 2012. | ||
| 300 | |a 52 p. | ||
| 336 | |a texto |b txt |2 rdacontenido | ||
| 337 | |a sin mediación |b n |2 rdamedio | ||
| 338 | |a volumen |b nc |2 rdasoporte | ||
| 440 | 1 | |a (Educación para todos) | |
| 649 | |a XX | ||
| 650 | |a Jóvenes | ||
| 650 | |a Desigualdad educativa | ||
| 650 | |a Primera infancia | ||
| 650 | |a Enseñanza secundaria | ||
| 650 | |a Competitividad | ||
| 650 | |a Atención educativa | ||
| 856 | 4 | 0 | |u https://unesdoc.unesco.org/images/0021/002175/217509S.pdf |y Ver documento en línea |
| 910 | |a Fondo Centro de Estudios Educativos | ||
| 920 | |a Impresos - Libros | ||
| 930 | |a Fondos Especiales | ||
| 905 | |a 133 | ||
| 902 | |a https://opac.biblio.iteso.mx/vufind/Record/000525139 | ||